Sports Quiz

Random Sports Quiz

Tour de France Top20 2009 Quiz Stats

 Plays Quiz not verified by Sporcle

Challenge
Share
Tweet
Embed
Score 0/20 Timer 06:00
0 Plays Today
Place Cyclist % Correct
1.Alberto Contador
97.6%
3.Lance Armstrong
91.5%
4.Bradley Wiggins
77.6%
17.Carlos Sastre
72.1%
2.Andy Schleck
69.7%
6.Andreas Klöden
69.1%
5.Fränk Schleck
67.3%
7.Vincenzo Nibali
63%
9.Roman Kreuziger
53.3%
8.Christian Vande Velde
52.7%
Place Cyclist % Correct
12.Sandy Casar
42.4%
10.Christophe Le Mével
37.6%
15.Jurgen van den Broeck
37%
20.Sylvain Chavanel
28.5%
11.Mikel Astarloza
26.1%
19.George Hincapie
26.1%
13.Vladimir Karpets
24.8%
14.Rinaldo Nocentini
19.4%
16.Stéphane Goubert
9.1%
18.Alexandre Botcharov
7.3%

You're not logged in!

Compare scores with friends on all Sporcle quizzes.
OR
Log In

You Might Also Like...

Show Comments

Extras

Created Jan 12, 2010ReportNominate
Tags:2009, cyclist, France, place, Top 20, tour

Top Quizzes Today


Score Distribution

Your Account Isn't Verified!

In order to create a playlist on Sporcle, you need to verify the email address you used during registration. Go to your Sporcle Settings to finish the process.

Report this User

Report this user for behavior that violates our Community Guidelines.

Details: